[Event "Canadian op"]
[Site "Calgary"]
[Date "2023.07.23"]
[Round "3"]
[White "Wong, Ford"]
[Black "Sklenka, Steve"]
[Result "1-0"]
[WhiteElo "1650"]
[BlackElo "1510"]
[PlyCount "81"]
[EventDate "2023.07.22"]
[EventType "swiss"]
[EventRounds "10"]
[EventCountry "CAN"]
[SourceTitle "EXT 2024"]
[Source "ChessBase"]
[SourceDate "2023.10.10"]
[SourceVersion "1"]
[SourceVersionDate "2023.10.10"]
[SourceQuality "1"]

1. d4 d5 2. c4 c6 3. Nc3 Nf6 4. Bg5 e6 5. e3 Be7 6. Nf3 0-0 7. Rc1 Nbd7 8. Bd3 h6 9. Bh4 Nh7 10. Bxe7 Qxe7 11. 0-0 Ng5 12. Ne5 dxc4 13. Nxc4 e5 14. Re1 e4 15. Bb1 f5 16. f4 exf3 17. h4 f2+ 18. Kxf2 Ne4+ 19. Nxe4 fxe4+ 20. Kg1 Qxh4 21. Rf1 Rxf1+ 22. Qxf1 Nf6 23. Ne5 Be6 24. Qe2 Qg5 25. a3 Rd8 26. Re1 c5 27. Qf2 cxd4 28. exd4 Bd5 29. Qc2 Rf8 30. b4 Qg3 31. Rf1 Qe3+ 32. Kh1 Qxd4 33. Ng6 Re8 34. Rd1 Qb6 35. Nf4 Qc6 36. Qxc6 Bxc6 37. Ba2+ Kh8 38. Kg1 g5 39. Ne6 Nd5 40. Bxd5 Bxd5 41. Nc7 1-0

[Event "Calgary op 10th"]
[Site "Calgary"]
[Date "2017.08.06"]
[Round "8"]
[White "Sklenka, Steve"]
[Black "Gashgarian, Robert"]
[Result "0-1"]
[WhiteElo "1533"]
[BlackElo "1679"]
[PlyCount "86"]
[EventDate "2017.08.02"]
[EventType "swiss"]
[EventRounds "9"]
[EventCountry "CAN"]
[SourceTitle "EXT 2018"]
[Source "ChessBase"]
[SourceDate "2017.10.13"]
[SourceVersion "1"]
[SourceVersionDate "2017.10.13"]
[SourceQuality "1"]

1. c4 e5 2. g3 Nf6 3. Bg2 Bc5 4. e3 Nc6 5. Ne2 0-0 6. 0-0 d5 7. cxd5 Nxd5 8. Nbc3 Be6 9. d4 exd4 10. exd4 Bb6 11. Na4 Qd7 12. Nxb6 axb6 13. Re1 Rfd8 14. Bg5 f6 15. Be3 Nce7 16. a3 Nf5 17. Bf4 c6 18. Qc2 Nxf4 19. Nxf4 Nxd4 20. Qc3 Bf7 21. Rad1 c5 22. Bh3 Qc6 23. Bg2 Qc7 24. Rd3 Rd6 25. Rde3 Nc6 26. Ne6 Qd7 27. Bh3 Rd1 28. Nf4 Rxe1+ 29. Qxe1 Qd6 30. Bg2 Rd8 31. Rd3 Nd4 32. Bxb7 g5 33. Ng2 Ne2+ 34. Qxe2 Qxd3 35. Qxd3 Rxd3 36. Ne3 Rd2 37. b4 cxb4 38. axb4 Rb2 39. Nd5 Bxd5 40. Bxd5+ Kf8 41. Kf1 Rxb4 42. Ke2 Ke7 43. f3 Rb2+ 0-1

[Event "Calgary op 10th"]
[Site "Calgary"]
[Date "2017.08.02"]
[Round "1"]
[White "Sklenka, Steve"]
[Black "Findlay, Ian T"]
[Result "0-1"]
[WhiteElo "1533"]
[BlackElo "2226"]
[PlyCount "126"]
[EventDate "2017.08.02"]
[EventType "swiss"]
[EventRounds "9"]
[EventCountry "CAN"]
[SourceTitle "EXT 2018"]
[Source "ChessBase"]
[SourceDate "2017.10.13"]
[SourceVersion "1"]
[SourceVersionDate "2017.10.13"]
[SourceQuality "1"]

1. c4 Nf6 2. Nc3 c5 3. d3 d5 4. cxd5 Nxd5 5. Nf3 Nc6 6. g3 Nc7 7. Bg2 e5 8. 0-0 Be7 9. a3 0-0 10. Bd2 Be6 11. Rb1 f6 12. Qc1 Qd7 13. Re1 Rac8 14. Ne4 Na6 15. Bc3 b5 16. Bd2 Nd4 17. Nxd4 cxd4 18. Qd1 h6 19. f4 f5 20. Nf2 exf4 21. Bxf4 Nc5 22. e3 Nb3 23. exd4 Nxd4 24. Be3 Nc2 25. Re2 Nxe3 26. Rxe3 Bc5 27. Re2 Rfd8 28. Qe1 Bf7 29. Kh1 Bd5 30. Qf1 Re8 31. Rbe1 Bxg2+ 32. Qxg2 Rxe2 33. Rxe2 Bxf2 34. Rxf2 Qxd3 35. h4 a6 36. Rd2 Qc4 37. Qe2 Qxe2 38. Rxe2 Kf7 39. Kg2 Kf6 40. Kf3 Rc6 41. Rd2 g5 42. hxg5+ hxg5 43. Ke3 Ke5 44. Kf3 Rd6 45. Re2+ Kf6 46. Kf2 Rd3 47. Rc2 Ke5 48. Re2+ Kd5 49. Rc2 a5 50. Re2 a4 51. Rc2 Kd4 52. Re2 Kc4 53. Kg2 Rd5 54. Kf2 Kb3 55. Ke1 Ka2 56. Rc2 Kb1 57. Rf2 Kc1 58. Rf3 Kxb2 59. Ke2 b4 60. axb4 a3 61. Ke3 a2 62. Rf2+ Kb3 63. Rf1 Kxb4 0-1

[Event "Calgary Schleinich Memorial-B"]
[Site "Calgary"]
[Date "2017.01.07"]
[Round "2.10"]
[White "Sklenka, Steve"]
[Black "Chandra, Anand Rishi"]
[Result "0-1"]
[WhiteElo "1642"]
[BlackElo "1617"]
[PlyCount "25"]
[EventDate "2017.01.06"]
[EventType "tourn"]
[EventRounds "5"]
[EventCountry "CAN"]
[SourceTitle "EXT 2022"]
[Source "ChessBase"]
[SourceDate "2021.10.06"]
[SourceVersion "1"]
[SourceVersionDate "2021.10.06"]
[SourceQuality "1"]

1. e4 c5 2. c3 d5 3. exd5 Qxd5 4. d4 cxd4 5. cxd4 Nc6 6. Be3 e5 7. Nc3 Bb4 8. a3 Bxc3+ 9. bxc3 exd4 10. Bxd4 Nxd4 11. Qxd4 Qxd4 12. cxd4 Nf6 13. Nf3 0-1

[Event "Calgary March of Kings"]
[Site "Calgary"]
[Date "2017.??.??"]
[Round "4"]
[White "Zhao, Ian"]
[Black "Sklenka, Steve"]
[Result "1-0"]
[WhiteElo "1708"]
[BlackElo "1516"]
[PlyCount "79"]
[EventDate "2017.03.11"]
[EventType "swiss"]
[EventRounds "5"]
[EventCountry "CAN"]
[SourceTitle "EXT 2019"]
[Source "ChessBase"]
[SourceDate "2018.10.10"]
[SourceVersion "1"]
[SourceVersionDate "2018.10.10"]
[SourceQuality "1"]

1. e4 e5 2. Nf3 Nf6 3. Nxe5 d6 4. Nf3 Nxe4 5. d4 d5 6. Bd3 Be7 7. 0-0 0-0 8. Re1 Bf5 9. c3 Re8 10. Qc2 Bd6 11. Be3 Bg6 12. Nbd2 Nxd2 13. Bxd2 Bxd3 14. Qxd3 f6 15. Qb5 Rxe1+ 16. Rxe1 Kf8 17. Qxb7 Nd7 18. Qxd5 Rb8 19. b3 Nb6 20. Qf5 Kg8 21. c4 Bf8 22. d5 Bc5 23. Bc3 Nd7 24. Kf1 Nf8 25. Qe4 Ng6 26. Nd4 Bxd4 27. Bxd4 a6 28. f4 Qd6 29. g3 Rd8 30. Qe3 f5 31. Bc5 Qd7 32. Qe6+ Qxe6 33. Rxe6 a5 34. Ke2 Kf7 35. Kd2 h5 36. h4 Nf8 37. Bxf8 Kxf8 38. Ra6 a4 39. Rxa4 c6 40. Ra5 1-0

[Event "Calgary op"]
[Site "Calgary"]
[Date "2016.07.31"]
[Round "8"]
[White "Bhavik, Dave"]
[Black "Sklenka, Steve"]
[Result "1-0"]
[WhiteElo "1669"]
[BlackElo "1479"]
[PlyCount "101"]
[EventDate "2016.07.27"]
[EventType "swiss"]
[EventRounds "9"]
[EventCountry "CAN"]
[SourceTitle "CBM 173 Extra"]
[Source "ChessBase"]
[SourceDate "2016.08.29"]
[SourceVersion "1"]
[SourceVersionDate "2016.08.29"]
[SourceQuality "1"]

1. d4 d5 2. c4 c6 3. Nc3 Nf6 4. Nf3 e6 5. Bg5 h6 6. Bh4 Be7 7. e3 0-0 8. Qc2 Nbd7 9. Bd3 dxc4 10. Bxc4 b5 11. Be2 a6 12. 0-0 Bb7 13. Rfd1 Nd5 14. Bg3 Nb4 15. Qd2 c5 16. a3 Nc6 17. d5 exd5 18. Nxd5 Nf6 19. Nxe7+ Nxe7 20. Qc2 Qc8 21. Bd6 Re8 22. Qxc5 Ne4 23. Qxc8 Raxc8 24. Bxe7 Rxe7 25. Rac1 Kf8 26. Nd4 Rec7 27. Rxc7 Rxc7 28. f3 Nf6 29. Kf2 g6 30. e4 Ke7 31. Ke3 Nd7 32. Rd2 Nc5 33. Rc2 Kd7 34. b4 Ne6 35. Bd3 Rxc2 36. Bxc2 Ng7 37. Nb3 Kd6 38. Nc5 Bc8 39. Kd4 f6 40. f4 g5 41. e5+ fxe5+ 42. fxe5+ Kc6 43. Be4+ Kc7 44. Kd5 Nh5 45. g3 Ng7 46. e6 Ne8 47. Bg6 Nf6+ 48. Ke5 Ng4+ 49. Kf5 Ne3+ 50. Ke4 Nc2 51. e7 1-0

[Event "Calgary op 8th"]
[Site "Calgary"]
[Date "2015.08.01"]
[Round "6"]
[White "Daniluk, Jim"]
[Black "Sklenka, Steve"]
[Result "1/2-1/2"]
[WhiteElo "1978"]
[BlackElo "1440"]
[PlyCount "97"]
[EventDate "2015.07.29"]
[EventType "swiss"]
[EventRounds "9"]
[EventCountry "CAN"]
[SourceTitle "EXT 2017"]
[Source "ChessBase"]
[SourceDate "2016.10.25"]
[SourceVersion "1"]
[SourceVersionDate "2016.10.25"]
[SourceQuality "1"]

1. d4 d5 2. Nf3 e6 3. c4 Nf6 4. g3 dxc4 5. Nc3 c6 6. Ne5 Bb4 7. Bg2 Nd5 8. Bd2 0-0 9. e4 Nb6 10. a3 Be7 11. Be3 f6 12. Nf3 N8d7 13. 0-0 Qc7 14. a4 a5 15. Qc2 Rd8 16. Rfd1 Kh8 17. Qe2 Qb8 18. d5 e5 19. Qd2 Nc5 20. Qe2 Qc7 21. d6 Rxd6 22. Bxc5 Rxd1+ 23. Rxd1 Bxc5 24. Nd2 Be6 25. Bf1 Rd8 26. Qe1 h6 27. Be2 Rd7 28. Rc1 Bb4 29. Ra1 Qd8 30. Nf3 Bg4 31. Nxe5 fxe5 32. Bxg4 Rd2 33. Qe3 Qd4 34. Qf3 Bc5 35. Rf1 Nd7 36. Qf5 Qd6 37. Qf7 Nf6 38. Be2 Qf8 39. Qxc4 Rxb2 40. Kh1 Rb4 41. Qd3 Rd4 42. Qc2 Qd8 43. Qb3 Bb4 44. f3 Rd2 45. Bc4 Qd4 46. Ne2 Qd8 47. Nc1 Rd4 48. Nd3 Qe7 49. Rb1 1/2-1/2

[Event "Calgary op 8th"]
[Site "Calgary"]
[Date "2015.07.31"]
[Round "4"]
[White "Sklenka, Steve"]
[Black "Kostadinov, George"]
[Result "1/2-1/2"]
[WhiteElo "1440"]
[BlackElo "2089"]
[PlyCount "113"]
[EventDate "2015.07.29"]
[EventType "swiss"]
[EventRounds "9"]
[EventCountry "CAN"]
[SourceTitle "EXT 2017"]
[Source "ChessBase"]
[SourceDate "2016.10.25"]
[SourceVersion "1"]
[SourceVersionDate "2016.10.25"]
[SourceQuality "1"]

1. d4 d5 2. c4 c6 3. Nc3 Nf6 4. Nf3 a6 5. e3 Bg4 6. cxd5 cxd5 7. Be2 Nc6 8. 0-0 e6 9. a3 Rc8 10. Na4 Ne4 11. h3 Bh5 12. Nd2 Nxd2 13. Bxd2 Bg6 14. Nc5 Bxc5 15. dxc5 0-0 16. b4 Qe7 17. Bc3 Rfd8 18. Bd3 e5 19. Bxg6 hxg6 20. Re1 Qc7 21. Bd2 e4 22. Bc3 b6 23. cxb6 Qxb6 24. Rc1 a5 25. bxa5 Nxa5 26. Qd4 Qxd4 27. Bxd4 Nc4 28. a4 Ra8 29. Ra1 Rdb8 30. Bc3 Rb3 31. Rec1 Na3 32. a5 Nc4 33. a6 Na3 34. a7 Rxa7 35. Bd4 Rd7 36. Rc8+ Kh7 37. Bc5 Rb1+ 38. Rxb1 Nxb1 39. Bb4 Rb7 40. Bc5 Nd2 41. Ba3 Nc4 42. Bc5 Rb1+ 43. Kh2 Ne5 44. Bd4 Nd3 45. Rc7 Rf1 46. Rxf7 Rxf2 47. Rxf2 Nxf2 48. Kg3 Nd3 49. Kg4 Kg8 50. Kg5 Kf7 51. Bc3 Nc5 52. Kf4 Nd3+ 53. Kg5 Nf2 54. Kf4 Nd3+ 55. Kg5 Nc1 56. Bb2 Nd3 57. Bd4 1/2-1/2

[Event "Calgary op 8th"]
[Site "Calgary"]
[Date "2015.07.29"]
[Round "1"]
[White "Sklenka, Steve"]
[Black "Ng, Gary"]
[Result "0-1"]
[WhiteElo "1440"]
[BlackElo "2194"]
[PlyCount "42"]
[EventDate "2015.07.29"]
[EventType "swiss"]
[EventRounds "9"]
[EventCountry "CAN"]
[SourceTitle "EXT 2017"]
[Source "ChessBase"]
[SourceDate "2016.10.25"]
[SourceVersion "1"]
[SourceVersionDate "2016.10.25"]
[SourceQuality "1"]

1. e4 b6 2. d4 Bb7 3. Nc3 e6 4. Nf3 Bb4 5. Bd3 Nf6 6. Bg5 h6 7. Bxf6 Qxf6 8. a3 Bxc3+ 9. bxc3 c5 10. 0-0 0-0 11. Re1 d6 12. Rb1 Rd8 13. Qd2 Nc6 14. d5 Na5 15. c4 Ba6 16. Qe2 Re8 17. Nd2 Qc3 18. a4 exd5 19. Nb3 dxc4 20. Nxa5 cxd3 21. cxd3 Qxa5 0-1

[Event "Alberta-ch Reserves"]
[Site "Calgary"]
[Date "2015.04.04"]
[Round "1.5"]
[White "Persaud, Hemant"]
[Black "Sklenka, Steve"]
[Result "1-0"]
[WhiteElo "1764"]
[BlackElo "1585"]
[PlyCount "89"]
[EventDate "2015.04.04"]
[EventType "swiss"]
[EventRounds "5"]
[EventCountry "CAN"]
[SourceTitle "EXT 2019"]
[Source "ChessBase"]
[SourceDate "2018.10.10"]
[SourceVersion "1"]
[SourceVersionDate "2018.10.10"]
[SourceQuality "1"]

1. e4 c5 2. Nf3 d6 3. d4 cxd4 4. Nxd4 Nf6 5. Nc3 a6 6. Bc4 Nc6 7. Be3 e5 8. Nf3 Be7 9. h3 0-0 10. Qd2 b5 11. Bd5 Nxd5 12. Nxd5 Bb7 13. g4 Re8 14. 0-0-0 Na5 15. b3 Bxd5 16. Qxd5 Rc8 17. Kb1 Nc6 18. c3 Qc7 19. Rd3 Nd8 20. Rc1 Qc6 21. Nd2 Qxd5 22. exd5 Nb7 23. Ne4 Rf8 24. c4 bxc4 25. bxc4 f5 26. gxf5 Rxf5 27. c5 dxc5 28. d6 Bd8 29. Bxc5 Nxc5 30. Rxc5 Rxc5 31. Nxc5 e4 32. Nxe4 Kf7 33. Kc2 Ke6 34. Kc3 Rd5 35. Re3 Kd7 36. Kc4 Rf5 37. Rb3 Kc8 38. f3 Rh5 39. Nc5 Rxh3 40. Kd5 Rh5+ 41. Kc6 Rxc5+ 42. Kxc5 Kd7 43. Kd5 Bf6 44. Rb7+ Kc8 45. Kc6 1-0

[Event "Alberta-ch Reserves"]
[Site "Calgary"]
[Date "2015.04.04"]
[Round "2.5"]
[White "Sklenka, Steve"]
[Black "Zhao, Ian"]
[Result "1/2-1/2"]
[WhiteElo "1585"]
[BlackElo "1639"]
[PlyCount "44"]
[EventDate "2015.04.04"]
[EventType "swiss"]
[EventRounds "5"]
[EventCountry "CAN"]
[SourceTitle "EXT 2019"]
[Source "ChessBase"]
[SourceDate "2018.10.10"]
[SourceVersion "1"]
[SourceVersionDate "2018.10.10"]
[SourceQuality "1"]

1. d4 Nf6 2. c4 e6 3. Nc3 d5 4. cxd5 exd5 5. Nf3 Be6 6. e3 Be7 7. Bd3 h6 8. 0-0 0-0 9. a3 c6 10. b4 b5 11. Ne5 Qc8 12. Bd2 Nbd7 13. Nf3 Bd6 14. Rc1 Qb7 15. Re1 Rac8 16. e4 dxe4 17. Nxe4 Nxe4 18. Bxe4 Nf6 19. Bd3 Nd5 20. Ne5 Bxe5 21. Rxe5 Rfe8 22. Qe2 Bd7 1/2-1/2